Climate and evolution / (Record no. 69356)
[ view plain ]
| 000 -LEADER | |
|---|---|
| fixed length control field | 00882nam a2200253 a 4500 |
| 001 - CONTROL NUMBER | |
| control field | 69356 |
| 003 - CONTROL NUMBER IDENTIFIER | |
| rucl marc code | BD-RjUL |
| 005 - DATE AND TIME OF LATEST TRANSACTION | |
| control field | 20211209081856.0 |
| 008 - FIXED-LENGTH DATA ELEMENTS--GENERAL INFORMATION | |
| fixed length control field | 811231s1939 nyuac 000 0 eng |
| 035 ## - SYSTEM CONTROL NUMBER | |
| System control number | (BD-RjUL)69567 |
| 040 ## - CATALOGING SOURCE | |
| Original cataloging agency | DLC |
| Transcribing agency | CarP |
| Modifying agency | DLC |
| -- | BD-RjUL |
| Language of cataloging | eng |
| 041 ## - LANGUAGE CODE | |
| Language code of text/sound track or separate title | eng |
| 082 ## - DEWEY DECIMAL CLASSIFICATION NUMBER | |
| Edition number | 23 |
| Classification number | 551.6 |
| Author mark and year | MAC 1939 |
| 100 1# - MAIN ENTRY--PERSONAL NAME | |
| Personal name | Matthew, William Diller, |
| Dates associated with a name | 1871-1930. |
| 9 (RLIN) | 205475 |
| 245 10 - TITLE STATEMENT | |
| Title | Climate and evolution / |
| Statement of responsibility, etc. | William Diller Matthew; Charles Lewis Camp; Edwin H Colbert; V L VanderHoof |
| 260 ## - PUBLICATION, DISTRIBUTION, ETC. (IMPRINT) | |
| Place of publication, distribution, etc. | New York : |
| Name of publisher, distributor, etc. | New York academy of sciences, |
| Date of publication, distribution, etc. | 1939. |
| 300 ## - PHYSICAL DESCRIPTION | |
| Pagination | 223 p. : |
| Illustrations | ill. ; |
| Size | 24 cm. |
| 650 #0 - SUBJECT ADDED ENTRY--TOPICAL TERM | |
| Topical term or geographic name as entry element | Climatology. |
| 9 (RLIN) | 205476 |
| 700 1# - ADDED ENTRY--PERSONAL NAME | |
| Personal name | Colbert, Edwin Harris, |
| Dates associated with a name | 1905- |
| Personal name | Barbour, Thomas, |
| Dates associated with a name | 1884-1946. |
| Personal name | Camp, Charles Lewis, |
| Dates associated with a name | 1893-1975. |
| Personal name | VanderHoof, Vertress Lawrence, |
| Dates associated with a name | 1904- |
| 942 ## - ADDED ENTRY ELEMENTS (KOHA) | |
| Source of classification or shelving scheme | Dewey Decimal Classification |
| Koha item type | Books |
| Lost status | Source of classification or shelving scheme | Damaged status | Not for loan | Collection code | Permanent Location | Current Location | Shelving location | Date acquired | Source of acquisition | Cost, normal purchase price | Total Checkouts | Full call number | Date last seen | Copy number | Koha item type |
|---|---|---|---|---|---|---|---|---|---|---|---|---|---|---|---|
| Dewey Decimal Classification | Not For Loan | Non-fiction | Central Library, University of Rajshahi | Central Library, University of Rajshahi | Reading Room | 16/01/1968 | M. A. House | 14.00 | 551.6 MAC 1939 | 11/04/2017 | C-1 | Books |